000
00253nmm a2200085Ia 4500
008
220120s9999||||xx |||||||||||||||||und||
100
_a
Digit
245
0
_a
Image editing tools, video crash course on Ecology , games
260
_a
Coorg Institute of Technology
999
_c
140093
_d
140093